000 00579 a2200181 4500
020 _a0761973265
020 _a0761973273
040 _aDLC
_bDLC
082 _a338.90072
100 1 _aLaws, Sophie.
245 1 0 _aResearch for development: a practical guide
_ba practical guide
_cSophie Laws
260 _aLondon :
_bSAGE,
_c2003.
300 _a475 p. :
_bill.
500 _aPublished in association with the Save the Children Fund.
650 0 _aEconomic development
_xResearch
_xMethodology.
710 2 _aSave the Children Fund (Great Britain)
942 _cBK
_k338.90072 LAW
_2ddc
999 _c7272
_d7272